Automotive Mechanics 2nd (Record no. 245339)

MARC details
000 -LEADER
fixed length control field 00352pam a2200145 a 4500
020 ## - INTERNATIONAL STANDARD BOOK NUMBER
International Standard Book Number 978-81-7671-015-6
Terms of availability
041 ## - LANGUAGE CODE
Language code of original
082 ## - DEWEY DECIMAL CLASSIFICATION NUMBER
Classification number 620.1
100 ## - MAIN ENTRY--PERSONAL NAME
Personal name Heither J
Relator term Author
245 ## - TITLE STATEMENT
Title Automotive Mechanics 2nd
Statement of responsibility, etc. Heither J
Medium Textual Documents
250 ## - EDITION STATEMENT
Edition statement 2nd ED
260 ## - PUBLICATION, DISTRIBUTION, ETC.
Name of publisher, distributor, etc. East- West Press Pvt. Ltd
Date of publication, distribution, etc. 2013
300 ## - PHYSICAL DESCRIPTION
Extent 608
930 ## - EQUIVALENCE OR CROSS-REFERENCE-UNIFORM TITLE HEADING [LOCAL, CANADA]
Uniform title 1479
Holdings
Withdrawn status Lost status Damaged status Not for loan Collection Home library Current library Date acquired Source of acquisition Cost, normal purchase price Total Checkouts Full call number Barcode Date last seen Copy number Price effective from Koha item type
          College of Engineering, Lavale, Pune College of Engineering, Lavale, Pune 01/01/1900 BMSGB Pune 200.00   620.1 ECL-06389 03/04/2023 4 03/04/2023 Book
          College of Engineering, Lavale, Pune College of Engineering, Lavale, Pune 01/01/1900 BMSGB Pune 200.00   620.1 ECL-06388 03/04/2023 3 03/04/2023 Book
          College of Engineering, Lavale, Pune College of Engineering, Lavale, Pune 01/01/1900 BMSGB Pune 200.00   620.1 ECL-06387 03/04/2023 2 03/04/2023 Book
          College of Engineering, Lavale, Pune College of Engineering, Lavale, Pune 01/01/1900 BMSGB Pune 200.00   620.1 ECL-06386 03/04/2023 1 03/04/2023 Book